La Troisième République - Dates - Statistiques

Statistiques générales
  • Ce quiz a été pris 22 fois
    18 depuis la dernière actualisation
  • Le résultat moyen est 41 sur 215
Statistiques - réponses
Hint Réponse % Correct
Lois constitutionelles 1875
88%
Vote de l'état de guerre (première guerre mondiale) 1914
69%
Fin de la Troisième République 1940
69%
Fin du Second Empire 1870
63%
Répression de la commune de Paris 1871
63%
Amendement Wallon 1875
63%
Accords de Munich 1938
63%
Proclamation de la Troisième République 1870
56%
Début de la Troisième république 1870
56%
Dreyfus est gracié par Loubet 1899
56%
Le Royaume-Uni et la France déclarent la guerre à l'Allemagne (deuxième guerre mondiale) 1939
56%
Gratuité de l'enseignement primaire publique 1881
50%
L'Allemagne attaque la France (première guerre mondiale) 1914
50%
Création de la Section Française de l'Internationale Communiste (SFIC) 1920
50%
17èmes élections législatives (majorité front populaire) 1936
50%
Invasion de la Pologne par l'Allemagne 1939
50%
Début de la Première République 1792
44%
Le 14 juillet devient la fête nationale 1880
44%
Fondation du parti socialiste français (Jaurès) 1902
44%
Manifestation des ligues d'extrême droite 1934
44%
Dissolution du parti communiste 1939
44%
Pacte de non-agression germano-soviétique 1939
44%
Début de la Monarchie de Juillet 1830
38%
Napoléon III capturé à Sedan 1870
38%
Armistice franco-prussien 1871
38%
3èmes élections législatives (majorité radicaux) 1877
38%
Loi de séparation des Églises et de l'État 1905
38%
Révolution russe 1917
38%
Traité de Versailles 1919
38%
Décret de dissolution des ligues 1936
38%
Vote des pleins pouvoirs à Pétain 1940
38%
Fin monarchie de juillet 1848
31%
Commune de Paris 1871
31%
Début présidence de Thiers 1871
31%
6èmes élections législatives (majorité gauches) 1889
31%
Réhabilitation de Dreyfus 1906
31%
L'Allemagne déclare la guerre a la Russie (première guerre mondiale) 1914
31%
Attentat de Sarajevo 1914
31%
Clémenceau cumul la présidence du conseil et le ministère de la guerre 1917
31%
Fin de l'Union Sacrée 1917
31%
13èmes élections législatives (majorité droite, "chambre bleu horizon") 1919
31%
Annulation des réparations de la première guerre mondiale 1932
31%
Anschluss 1938
31%
Invasion de la Bohème-Moravie 1939
31%
Déclaration de la mobilisation générale (deuxième guerre mondiale) 1939
31%
La république vote la guerre (deuxième guerre mondiale) 1939
31%
Entrée des allemands à Lyon 1940
31%
Droit de vote des femmes 1944
31%
Naissance du clivage gauche-droite 1789
25%
Révolution Française 1789
25%
Fin de la Monarchie Constitutionelle 1792
25%
Fin du Premier Empire 1815
25%
Début de la Deuxième République 1848
25%
Début second empire 1852
25%
Fin deuxième République 1852
25%
Début guerre franco-prussienne 1870
25%
Fin présidence de Thiers 1873
25%
Début de la Présidence de MacMahon 1873
25%
Loi organisant l'élection des députés 1875
25%
Mort de thiers 1877
25%
Institution de l'enseignement secondaire public et laïque pour les filles 1880
25%
Fin de la présidence de Jules Ferry 1885
25%
Mort de Boulanger 1891
25%
Massacre d'Aigues Mortes 1893
25%
Création de l'Afrique Occidentales Française (AOF) 1895
25%
Publication de j'accuse 1898
25%
La France déclare la guerre a l'Allemagne (première guerre mondiale) 1914
25%
Insurrection spartakiste 1919
25%
Fin de la présidence de Raymond Poincaré 1929
25%
Jeudi noir de Wall Street 1929
25%
Manifestation antifasciste 1934
25%
Affaire Stavisky 1934
25%
Accords de matignon 1936
25%
Démission de Léon Blum 1937
25%
Entrée des allemands dans Paris 1940
25%
Armistice franco-allemand (deuxième guerre mondiale) 1940
25%
Début de l'État Français (régime de Vichy) 1940
25%
Fin de la première République 1804
19%
Début premier empire 1804
19%
Début de la Restauration 1815
19%
Trois Glorieuses 1830
19%
Publication du Manifeste du parti communiste (Marx et Engels) 1848
19%
Printemps des Peuples 1848
19%
Le mur des Fédérés 1871
19%
1ères élections législatives (majorité monarchistes) 1871
19%
Loi relative a l'organisation du Sénat 1875
19%
2èmes élections législatives (majorité radicaux) 1876
19%
Mort du prince impérial Louis-Napoléon 1879
19%
Constitution Grévy 1879
19%
La Marseillaise devient l'hymne national 1879
19%
Fin présidence de MacMahon 1879
19%
Liberté de la presse 1881
19%
Caractère obligatoire de l'enseignement primaire 1882
19%
Mort du Compte de Chambord Henri d'Artois 1883
19%
Contre-enquête dreyfusarde 1895
19%
Dreyfus déclaré coupable 1895
19%
Esterhazy déclaré coupable 1898
19%
Liberté d'association 1901
19%
Fondation de l'Action Française 1905
19%
Fondation de la Section Française de l'Internationale Ouvrière (SFIO) 1905
19%
Clémenceau réprime les grèves 1906
19%
Création de l'Afrique Equatoriale Française (AEF) 1910
19%
Allongement du service militaire de 2 a 3 ans 1913
19%
Fondation du Canard Enchaîné 1915
19%
Armistice franco-allemand (première guerre mondiale) 1918
19%
14èmes élections législatives (majorité cartel des gauches) 1924
19%
Création du cartel des gauches 1924
19%
Fin du cartel des gauches 1925
19%
Entrée de l'Allemagne dans la Société des Nations (SDN) 1926
19%
La France touchée par le krach boursier états-unien 1932
19%
Manifestation post-krash 1933
19%
Remilitarisation de la Rhénanie 1936
19%
Vote sur le veto du roi 1789
13%
Début de la Monarchie Constitutionnelle 1791
13%
Loi Le Chapelier 1791
13%
Fin de la Restauration 1830
13%
Fondation du journal la république française (Gambetta) 1871
13%
Loi organisant l'élection des sénateurs 1875
13%
Caractère neutre et laïque de l'enseignement 1882
13%
Loi Waldeck-Rousseau 1884
13%
Loi électorale sur les candidatures multiples aux élections législatives 1889
13%
Création de l'Encyclique Rerum Novarum 1891
13%
Création de la fédération des bourses du travail 1892
13%
Fondation du journal la libre parole (Drumont) 1892
13%
Interdiction du travail des enfants de moins de 13 ans 1892
13%
Création de la Confédération Générale des Travailleurs (CGT) 1895
13%
Responsabilité du patron en cas d'accident du travail 1897
13%
Création de la ligue de défense des droits de l'homme 1898
13%
Mort de la Reine Victoria 1901
13%
Accord secret sur la neutralité de l'Italie 1902
13%
Signature de l'entente cordiale 1904
13%
Fin du Bloc des gauches 1909
13%
Le Maroc devient un protectorat français 1912
13%
12èmes élections législatives (majorité gauches) 1914
13%
Naissance de l'Union Sacrée 1914
13%
Protestations contre l'acquittement de Vilain 1919
13%
Congrès de Tours 1920
13%
Début de la présidence de Raymond Poincaré 1926
13%
Briand reçoit le prix Nobel de la paix 1926
13%
Fondation des Croix de Feu 1928
13%
Début de la présidence de Daladier 1933
13%
Sortie de l'Allemagne de la Société des Nations (SDN) 1933
13%
Pacte d'union entre socialistes et communistes 1934
13%
Nationalisation de la SNCF 1937
13%
Entrée des allemands à La Rochelle 1940
13%
Bataille de Valmy 1792
6%
Droit de Grève 1864
6%
Programme de Belleville 1869
6%
Loi sur les rapports des pouvoirs publics 1875
6%
Loi relative a l'organisation des pouvoirs publics 1875
6%
Publication du tour de France des deux enfants 1877
6%
Congrès ouvrier national de Lyon 1878
6%
Retour des chambres a Paris 1879
6%
Signature de la duplice 1879
6%
Congrès ouvrier national de Marseille 1879
6%
Signature de la triplice 1882
6%
Fondation du parti ouvrier français (Guesde) 1882
6%
Création de la ligue des Patriotes (Déroulède) 1882
6%
5èmes élections législatives (majorité socialiste) 1885
6%
Traduction en français du manifeste du parti communiste (Marx et Engels) 1885
6%
Grève des mines de Decazeville 1886
6%
Arrivé au pouvoir de Guillaume II 1888
6%
Signature de l'alliance franco-russe 1892
6%
Création du ministère des colonies 1894
6%
Début du règne d'Edouard VII 1901
6%
Fondation du parti socialiste de France (Guesde et Vaillant) 1902
6%
9èmes élections législatives (majorité Bloc des gauches) 1902
6%
Nouvelle enquête sur l'affaire Dreyfus 1903
6%
Charte d'Amiens 1906
6%
Retraites ouvrière à 65 ans 1910
6%
Fin de Clemenceau qui cumule la présidence du conseil et le ministère de la guerre 1920
6%
Moratoire Hoover 1931
6%
16èmes élections législatives (majorité deuxième cartel des gauches) 1932
6%
Traité d'alliance franco-soviétique 1935
6%
Victoires du Parti communiste a beaucoup d'élections municipales 1935
6%
Grèves joyeuses 1936
6%
Congrès ouvrier national de Paris 1876
0%
Fondation du journal l'Egalité (Guesde) 1877
0%
Création du parti ouvrier français 1879
0%
Dispersion des congrégations d'enseignement supérieur 1880
0%
Fondation du journal ni dieu ni maître (Vaillant et Blanqui) 1880
0%
Réforme de conseil supérieur de l'instruction publique 1880
0%
Fondation du comité révolutionnaire central (Vaillant) 1881
0%
4èmes élections législatives (majorité radicaux) 1881
0%
Liberté de réunions publiques 1881
0%
Liberté d'élection des maires par les conseils municipaux 1882
0%
Révisons constitutionnelles écartant la monarchie 1884
0%
Jean Jaurès rejoint les socialistes indépendants (Vallès) 1885
0%
Création de la fédération des syndicats 1886
0%
Traité de réassurance russo-allemand 1887
0%
Création de l'indemnité parlementaire 1889
0%
Fin du traité de réassurance russo-allemand 1890
0%
Grève des mines de Carmaux 1892
0%
7èmes élections législatives (majorité gauches) 1893
0%
Création de la Confédération indochinoise 1896
0%
8èmes élections législatives (majorité gauches) 1898
0%
Création des syndicats jaunes 1899
0%
Procès de rennes 1899
0%
Création de la ligue de la patrie française 1899
0%
Grève du Creusot 1899
0%
Campagne d'accusation du "ministère des étrangers" (Syveton) 1902
0%
Fondation de l'alliance républicaine démocratique (Waldeck-Rousseau) 1902
0%
Fondation du parti républicain radical et radical socialiste 1902
0%
Création du ministère du travail (Viviani) 1906
0%
10èmes élections législatives (majorité gauches) 1906
0%
11èmes élections législatives (majorité gauches) 1910
0%
Apparition d'une minorité pacifiste (Faure, Longuet et Souvarine) 1915
0%
Fondation des Jeunesses Patriotes (Tattinger) 1924
0%
15èmes élections législatives (majorité centre) 1928
0%
De La Roque prend la direction des dispos 1931
0%
Lois protectionnistes 1932
0%
Début de la présidence de Herriot 1932
0%
Signature du pacte d'alliance mutuelle avec les radicaux 1935
0%
Manifestation d'unité 1935
0%
Congrès de Wagram 1935
0%
Aucun quiz correspondant
Distribution des résultats
% des personnes avec chaque résultat
Percentile par nombre de réponses
Votre historique - résultats
Vous n’avez pas pris ce quiz depuis la dernière actualisation